Základy teorie plasticity

Na minha lista:
Detalhes bibliográficos
Main Authors: Plánička, František (Author), Kuliš, Zdeněk (Author)
Formato: Livro
Idioma:tcheco
Publicado em: Praha : ČVUT, 2004
Edição:1. vyd
Assuntos:
Acesso em linha:OBSAH
Tags: Adicionar Tag
Sem tags, seja o primeiro a adicionar uma tag!

MARC

LEADER 00000nam a22000003a 4500
001 stu140367
005 20150716165413.0
008 070423s2004----xr------------------cze-d
020 |a 80-01-02876-3 
040 |a STU  |b slo 
041 0 |a cze 
044 |a xr 
080 |a 539.374 
100 1 |a Plánička, František  |4 aut 
245 1 |a Základy teorie plasticity 
250 |a 1. vyd 
260 |a Praha :  |b ČVUT,  |c 2004 
300 |a 142 s 
650 7 |a plasticita  |2 stusub 
700 1 |a Kuliš, Zdeněk  |4 aut 
856 4 |a https://sweb.mtf.stuba.sk/obsahy/Zaklady_teorie_plasticity_04.pdf  |u https://sweb.mtf.stuba.sk/obsahy/Zaklady_teorie_plasticity_04.pdf  |3 OBSAH 
996 |b 284M076089  |c M*S-1346-3  |l MMKN  |s A  |a 24  |w stu140367_0001 
996 |b 284M076091  |c M*S-1346-1  |l MMST  |s A  |a 24  |w stu140367_0002 
996 |b 284M076090  |c M*S-1346-2  |l MMKN  |s A  |a 24  |w stu140367_0003